000 00696nam a2200265Ia 4500
005 20260121171527.0
008 008 260114s9999 xx 000 0 eng d
020 _a9789811396328
037 _aEBOOK
040 _aCRL
040 _beng
040 _cCRL
041 _2eng
041 _aeng
084 _qCRL
100 _aAssunta Bertaccini, Kenro Oshima, Michael Kube, Govind Pratap Rao
_91077320
245 0 _aPhytoplasmas: Plant Pathogenic Bacteria - III
260 _bSpringer
260 _bSpringer
260 _c2019
856 _uhttps://link.springer.com/openurl?genre=book&isbn=978-981-13-9632-8
942 _cEBOOK
999 _c1643051
_d1643051